000 00654nas a2200217 4500
001 BR9607488
003 BR-BrBNA
005 20231205094945.0
007 ta
008 230509b bl.|||p| |||| 00| 00por d
040 _aBR-BrBNA
_bpor
_cBiblioteca Nacional de Agricultura
041 _a(Pt)
072 _aP34
100 1 _aKobiyama, M.
245 1 _aInfluencia da minhoca no manejo de microbacias hidrograficas - 3 agua
650 _aMinhoca
650 _aBiologia do Solo
773 0 _tAgropecuaria Catarinense (Brazil)
_xISSN 0103-0779
_g(Jun 1996), v. 9(2) p. 5-7
_wBR9607488
909 _a202311
_bLúcia
_c55
_dLúcia Elande
942 _2AGRIS
_n0
_cANA
999 _c147931
_d147931